Logo BPK

Biblioteka

Politechniki Koszalińskiej

Ostdeutsches Lesebuch I : (Rekord nr 50314)

Szczegóły MARC
000 -ETYKIETA REKORDU
podpole kontrolne o stałej długości 00736nam a2200229 i 4500
001 - NUMER KONTROLNY REKORDU
pole kontrolne bgj
020 ## - MIĘDZYNARODOWY ZNORMALIZOWANY NUMER KSIĄŻKI - ISBN
ISBN 3885570246
040 ## - ŹRÓDŁO KATALOGOWANIA
Instytucja, która utworzyła rekord BPK
041 0# - KOD JĘZYKA
Kod języka tekstu ger
044 ## - KOD KRAJU WYDAWCY/PRODUCENTA
Kod kraju wydawcy/producenta DEU
080 ## - UNIWERSALNA KLASYFIKACJA DZIESIĘTNA - UKD
UKD 821.112.2
920 ## - Międzynarodowy znormalizowany numer książki – ISBN
ISBN 3-88557-024-6
008 - POLE O STAŁEJ DŁUGOŚCI - DANE KONTROLNE
podpole kontrolne o stałej długości s gw f |000 0 ger
245 10 - TYTUŁ/ODPOWIEDZIALNOŚĆ
Tytuł Ostdeutsches Lesebuch I :
Ciąg dalszy tytułu Vier Jahrhunderte deutscher Dichtung vom Baltikum bis zum Banat /
Pozostałe elementy strefy tytułu i oznaczenia odpowiedzialności Auswahl und Nachwort von Ernst-Edmund Keil und mit einem Vorwort von Roswitha Wisniewski.
260 ## - STREFA ADRESU WYDAWNICZEGO
Miejsce wydania Bonn :
Nazwa wydawcy/dystrybutora Kulturstiftung der deutschen Vertriebenen,
Data publikacji, dystrybucji/powstania dokumentu 1983.
300 ## - STREFA OPISU FIZYCZNEGO
Objętość 326 s. :
Inne cechy fizyczne il. ;
Rozmiary 25 cm.
504 ## - UWAGA DOTYCZĄCA BIBLIOGRAFII
Informacje o bibliografii Indeks.
650 9# - HASŁO PRZEDMIOTOWE W FORMIE NAZWY OGÓLNEJ LUB JEDNOSTKOWEJ
Nazwa ogólna lub geograficzna Literatura niemiecka
700 1# - HASŁO DODATKOWE - NAZWA OSOBOWA
Nazwa osobowa KEIL, Ernst-Edmund.
700 1# - HASŁO DODATKOWE - NAZWA OSOBOWA
Nazwa osobowa WISNIEWSKI, Rosowitha.
856 ## - LOKALIZACJA I DOSTĘP DO ELEKTRONICZNYCH DOKUMENTÓW ZDALNYCH
Link (URL) http://koha.tu.koszalin.pl/cgi-bin/koha/opac-detail.pl?biblionumber=50314
Tekst linku Katalog online BPK
942 ## - DODATKOWE ELEMENTY (KOHA)
Typ dokumentu Książka
Egzemplarze
Wycofany Status egzemplarza Uszkodzony Dostępność Lokalizacja stała Lokalizacja bieżąca Miejsce przechowywania Sygnatura Kod kreskowy Typ dokumentu
      Tylko na miejscu Biblioteka Politechniki Koszalińskiej Biblioteka Politechniki Koszalińskiej Czytelnia Wydziałowa ul. Kwiatkowskiego 6e N 206 02122281 Książka
© 2023 Biblioteka Politechniki Koszalińskiej :: KOHA